| 000 | 00771nam a22002057a 4500 | ||
|---|---|---|---|
| 999 |
_c193114 _d193114 |
||
| 005 | 20221017104452.0 | ||
| 010 | _aB-745975 | ||
| 020 |
_a9788193746851 _c495.00 |
||
| 035 | _aB-745975 | ||
| 037 | _aOakBridge | ||
| 082 | _a330.954 | ||
| 100 | _aSinha, Amit | ||
| 245 |
_aIndian economy: _bFrom seclusion to inclusion/ _cAmit Sinha |
||
| 260 |
_aHaryana _bOakBridge _c2018 |
||
| 270 |
_aM35, 1st floor, old dlf, Gurugram _bHaryana _e122001 _k+911244305970 _minfo@oakbridge.in |
||
| 300 |
_axxxiv,V.P _b23cm. (pbk) |
||
| 500 | _aFor civil services preliminary and main examinations. Previous year question papers are available in last chapter. | ||
| 942 |
_2ddc _cEN _mSIN _h330.954 |
||